| 000 | 00805nam a2200217Ia 4500 | ||
|---|---|---|---|
| 999 |
_c39280 _d39280 |
||
| 001 | 5866 | ||
| 003 | GE_BSU | ||
| 005 | 20190913112723.0 | ||
| 008 | 181216s1971||||ge |||||||||||||| ||geo|| | ||
| 040 | _cGE_BSU | ||
| 041 | _ageo | ||
| 080 | _a821.353.1-31 ა-42 | ||
| 100 |
_aაკობია, შოთა _93985 |
||
| 245 |
_aთეთრი ჩრდილი : _bრომანი / _cშოთა აკობია ; რედ. შ. ნიშნიანიძე. |
||
| 264 |
_aთბილისი : _bმერანი ; _c1971. |
||
| 300 |
_a542 გვ. : _b1ფ. პორტრ ; _c 20 სმ. |
||
| 653 | _aთეთრი ჩრდილი | ||
| 653 | _aრომანი | ||
| 700 |
_aნიშნიანიძე, შ. _eრედაქტორი _93986 |
||
| 942 |
_cBK _2udc |
||